MARC details
| 000 -CABECERA |
| campo de control de longitud fija |
01407nam a2200229 a 4500 |
| 001 - NÚMERO DE CONTROL |
| campo de control |
000048902 |
| 005 - FECHA Y HORA DE LA ÚLTIMA TRANSACCIÓN |
| campo de control |
20201002061510.0 |
| 008 - DATOS DE LONGITUD FIJA--INFORMACIÓN GENERAL |
| campo de control de longitud fija |
190430s2016 dr 000 0 spa d |
| 020 ## - NÚMERO INTERNACIONAL ESTÁNDAR DEL LIBRO |
| Número Internacional Estándar del Libro |
9789945167580 |
| 040 ## - FUENTE DE LA CATALOGACIÓN |
| Centro catalogador/agencia de origen |
DO-SdBNP |
| Lengua de catalogación |
spa |
| Centro/agencia transcriptor |
BNPHU |
| 082 ## - NÚMERO DE LA CLASIFICACIÓN DECIMAL DEWEY |
| Número de clasificación |
xxxx |
| Número de documento/Ítem |
N778m |
| 100 1# - ENTRADA PRINCIPAL--NOMBRE DE PERSONA |
| Nombre de persona |
Nogueira, Alberto, |
| Fechas asociadas al nombre |
1965- |
| 9 (RLIN) |
76339 |
| 245 10 - MENCIÓN DE TÍTULO |
| Título |
Mindfulness inteligencia energética : |
| Resto del título |
aplicación para las empresas y su personal / |
| Mención de responsabilidad, etc. |
Alberto Nogueira Gandasegui ; meditaciones por Pedro Acosta ; prólogo César Mella. |
| 260 ## - PUBLICACIÓN, DISTRIBUCIÓN, ETC. |
| Lugar de publicación, distribución, etc. |
Santo Domingo : |
| Nombre del editor, distribuidor, etc. |
Búho, |
| Fecha de publicación, distribución, etc. |
2016. |
| 300 ## - DESCRIPCIÓN FÍSICA |
| Extensión |
100 p. : |
| Otras características físicas |
23 cm. |
| 500 ## - NOTA GENERAL |
| Nota general |
Incluye datos biográficos del autor en la solapa de la cubierta |
| 504 ## - NOTA DE BIBLIOGRAFÍA, ETC. |
| Nota de bibliografía, etc. |
Bibliografía : p. 99-100 |
| 505 0# - NOTA DE CONTENIDO CON FORMATO |
| Nota de contenido con formato |
Prólogo -- |
| Título |
Introducción -- |
| Información miscelánea |
Capítulo I |
| Título |
Quienes somos en realidad -- |
| Información miscelánea |
Capítulo II |
| Título |
Mindfulness: Qué es y cómo nace -- |
| Información miscelánea |
Capítulo III |
| Título |
Práctica en la vida cotidiana: la meditación informal y la meditación formal -- |
| Información miscelánea |
Capítulo IV |
| Título |
Mindfulness lo mejor de dos mundos -- |
| Información miscelánea |
Capítulo V |
| Título |
Aplicación del Mindfulness en las empresas: inteligencia energética -- |
| Información miscelánea |
Capítulo VI |
| Título |
Bases científicas que demuestran la efectividad del Mindfulness -- |
| Información miscelánea |
Capítulo VII |
| Título |
Meditaciones por Pedro Acosta -- |
| Información miscelánea |
Capítulo VIII |
| Título |
Advertencia: « No es oro todo lo que reluce» -- |
| -- |
Conclusión -- |
| 590 ## - NOTA LOCAL (RLIN) |
| Nota local |
Inventariado, 2019/LP |
| 700 1# - PUNTO DE ACCESO ADICIONAL--NOMBRE DE PERSONA |
| Nombre de persona |
Acosta, Pedro |
| 9 (RLIN) |
463 |
| 700 1# - PUNTO DE ACCESO ADICIONAL--NOMBRE DE PERSONA |
| Nombre de persona |
Mella, César, |
| Término indicativo de función/relación |
pról |
| 9 (RLIN) |
11674 |